| 000 | 01604nam a22003377a 4500 | ||
|---|---|---|---|
| 999 |
_c16742 _d16742 |
||
| 003 | OSt | ||
| 005 | 20210218151144.0 | ||
| 008 | 160321b xxu||||| |||| 00| 0 eng d | ||
| 010 | _a 90003306 | ||
| 020 | _a0933595344 | ||
| 040 |
_aMMU _cMMU _dMMU _beng |
||
| 043 | _aa------ | ||
| 050 | 0 | 0 |
_aSB172 _b.M87 1990 |
| 082 | 0 | 0 |
_a634.9 _220 |
| 245 | 0 | 0 |
_aMultipurpose tree species research for small farms : _bstrategies and methods : proceedings of an international conference held November 20-23, 1989 in Jakarta, Indonesia / _ceditors, Christine Haugen, Lee Medema, Celso B. Lantican ; co-sponsors, Winrock International Institute for Agricultural Development, International Development Research Centre of Canada, Ministry of Forestry of Indonesia. |
| 260 |
_aArlington, Va. : _bForestry/Fuelwood Research and Development Project ; _aOttawa : _bInternational Development Research Centre of Canada, _c1990. |
||
| 300 |
_a217 p. : _bill. ; _c25 cm. |
||
| 440 | 0 |
_aMultipurpose tree species network proceedings series ; _vno. 7 |
|
| 504 | _aIncludes bibliographical references. | ||
| 650 | 0 |
_aMultipurpose trees _zAsia _xCongresses. |
|
| 650 | 0 |
_aFarms, Small _zAsia _xCongresses. |
|
| 700 | 1 | _aHaugen, Christine. | |
| 700 | 1 | _aMedema, Lee. | |
| 700 | 1 | _aLantican, Celso B. | |
| 710 | 2 | _aWinrock International Institute for Agricultural Development. | |
| 710 | 2 | _aInternational Development Research Centre (Canada) | |
| 710 | 1 |
_aIndonesia. _bDepartemen Kehutanan. |
|
| 906 |
_a7 _bcbc _corignew _d1 _eocip _f19 _gy-gencatlg |
||
| 942 |
_2lcc _cLOAN LOAN |
||